MARC details
| 000 -LEADER |
| campo de control de longitud fija |
04834nam a2200469 i 4500 |
| 001 - NÚMERO DE CONTROL |
| campo de control |
193618 |
| 003 - IDENTIFICADOR DE NÚMERO DE CONTROL |
| campo de control |
SpMaBN |
| 005 - FECHA Y HORA DE LA ÚLTIMA TRANSACCIÓN |
| campo de control |
20250731034213.0 |
| 007 - CAMPO FIJO DE DESCRIPCIÓN FÍSICA--INFORMACIÓN GENERAL |
| campo de control de longitud fija |
ta |
| 008 - DATOS DE LONGITUD FIJA--INFORMACIÓN GENERAL |
| campo de control de longitud fija |
240129m19461951sp r spa |
| 016 7# - NÚMERO DE CONTROL DE UNA AGENCIA BIBLIOGRÁFICA NACIONAL |
| Número de control del registro |
bimoBNE19970519678 |
| Número de control cancelado/no válido |
IND9100062376 |
| Fuente |
SpMaBN |
| 035 ## - NÚMERO DE CONTROL DEL SISTEMA |
| Número de control de sistema |
(OCoLC)644950130 |
| 035 ## - NÚMERO DE CONTROL DEL SISTEMA |
| Número de control de sistema |
bimo0000574146 |
| 040 ## - FUENTE DE CATALOGACIÓN |
| Centro catalogador/agencia de origen |
SpMaBN |
| Lengua de catalogación |
spa |
| Centro/agencia transcriptor |
A2 |
| Centro/agencia modificador |
ES-MaACL |
| 080 ## - NÚMERO DE LA CLASIFICACIÓN DECIMAL UNIVERSAL |
| Número de la Clasificación Decimal Universal |
860-82"19" |
| 080 ## - NÚMERO DE LA CLASIFICACIÓN DECIMAL UNIVERSAL |
| Número de la Clasificación Decimal Universal |
821.134.2-31"19" |
| 100 1# - ENTRADA PRINCIPAL--NOMBRE DE PERSONA |
| Nombre de persona |
Baroja, Pío, |
| Fechas asociadas al nombre |
1872-1956 |
| Término indicativo de función/relación |
Autor |
| 9 (RLIN) |
25752 |
| 245 10 - MENCIÓN DEL TÍTULO |
| Título |
Obras completas / |
| Mención de responsabilidad, etc. |
Pío Baroja |
| 260 ## - PUBLICACIÓN, DISTRIBUCIÓN, ETC. |
| Lugar de publicación, distribución, etc. |
Madrid : |
| Nombre del editor, distribuidor, etc. |
Biblioteca Nueva, |
| Fecha de publicación, distribución, etc. |
1946-1951 |
| 300 ## - DESCRIPCIÓN FÍSICA |
| Extensión |
8 volúmenes ; |
| Dimensiones |
22 cm |
| 336 ## - TIPO DE CONTENIDO |
| Fuente |
rdacontent |
| Término de tipo de contenido |
Texto |
| 337 ## - TIPO DE MEDIO |
| Fuente |
rdamedia |
| Nombre/término del tipo de medio |
sin mediación |
| 338 ## - TIPO DE SOPORTE |
| Fuente |
rdacarrier |
| Nombre/término del tipo de soporte |
volumen |
| 500 ## - NOTA GENERAL |
| Nota general |
Texto a 2 columnas |
| 500 ## - NOTA GENERAL |
| Nota general |
Referencias al Ateneo de Madrid en: Galería de tipos de la época |
| 505 0# - NOTA DE CONTENIDO CON FORMATO |
| Nota de contenido con formato |
I. La casa de Aizgorri; El Mayorazgo de Labraz; Zalacaín el aventurero; La busca; Mala hierba. Aurora roja; La feria de los discretos; Los últimos románticos; Las tragedias grotescas; El gran torbellino del mundo; Las veleidades de la fortuna; Los amores tardíos (XV, 1389 p., 1 lám. (retr. del autor) - II. La vida fantástica: Aventuras, inventos y mistificaciones de Silvestre Paradox; Paradox rey; La raza; La dama errante; La ciudad de la niebla; El árbol de la ciencia; Las ciudades: César o nada; El mundo es ansí; La sensualidad pervertida; El mar: Las inquietudes de Shanti Andia; El laberinto de las sirenas; Los pilotos de altura (1459 p.) - III. Memorias de un hombre de acción: El aprendiz de conspirador; El escuadrón del "Brigante"; Los caminos del mundo; Con la pluma y con el sable: (crónica de 1820 a 1823); Los recursos de la astucia; La ruta del aventurero; Los contrastes de la vida; La veleta de Gastizar; Los caudillos de 1830; La Isabelina; El sabor de la venganza; Las furias (1296 p.) - IV. Memorias de un hombre de acción: El amor, el dandismo y la intriga; Las figuras de cera; La nave de los locos; Las mascaradas sangrientas; Humano enigma; La senda dolorosa; Las confidentes audaces; La venta de Mirambel; Crónica escandalosa; Desde el principio hasta el fin; Biografías: Aviraneta, o la vida de un conspirador; Juan Van Halen, el oficial aventurero - V. El tablado de Arlequín; Nuevo tablado de Arlequín; Juventud, egolatría; Las horas solitarias; Momentum catastroficum; Divagaciones apasionadas; Tres generaciones; Intermedios; Vitrina pintoresca; Rapsodias; Pequeños ensayos; Artículos - VI. La vida fantástica: Camino de perfección; El mar: La estrella del capitán Chionista; La selva oscura: La familia de Errotache; El cabo de las tormentas; Los visionarios; La juventud perdida: Las noches del Buen Retiro; El cura de Monleón; Locuras de carnaval; Vidas sombrías (cuentos); Teatro: La leyenda de Jaun de Alzate; El nocturno del hermano Beltrán; Todo sale bien... a veces; El horroroso crimen de Peñaranda del Campo - VII. Susana o Los cazadores de moscas (novela); Los impostores joviales y El tesoro del holandés; Yan-Si-Pao o La svástica de oro; Los buscadores de tesoros (novela); Laura o La soledad sin remedio (novela); El caballero de Erláiz (novela); Memorias: Desde la última vuelta del camino: I. El escritor según él y según los críticos; II. Familia, infancia y juventud; III. Final del siglo XIX y principios del XX; IV. Galería de tipos de la época; V. La intuición y el estilo; VI. Reportajes; VII. Bagatelas de otoño (1369 p.) - VIII. El puente de las ánimas; Días aciagos; El hotel del cisne (novela); Los enigmáticos (historias) saturnales: El cantor vagabundo (novela); Cuentos; Teatro; Ensayos; Otros ensayos; Poesías; Las veladas del chalet gris (comentarios y anécdotas) (1138 p.) |
| 600 14 - PUNTO DE ACCESO ADICIONAL DE MATERIA--NOMBRE DE PERSONA |
| Nombre de persona |
Baroja, Pío, |
| Fechas asociadas al nombre |
1872-1956 |
| 9 (RLIN) |
25752 |
| 610 24 - PUNTO DE ACCESO ADICIONAL DE MATERIA--NOMBRE DE ENTIDAD CORPORATIVA |
| Nombre de entidad corporativa o nombre de jurisdicción como elemento de entrada |
Ateneo de Madrid- |
| Subdivisión de forma |
Historia- |
| -- |
Relatos personales |
| 9 (RLIN) |
1926 |
| 650 #7 - PUNTO DE ACCESO ADICIONAL DE MATERIA--TÉRMINO DE MATERIA |
| Fuente del encabezamiento o término |
embne |
| 9 (RLIN) |
233904 |
| Término de materia o nombre geográfico como elemento de entrada |
Novelas |
| 650 #7 - PUNTO DE ACCESO ADICIONAL DE MATERIA--TÉRMINO DE MATERIA |
| Fuente del encabezamiento o término |
embne |
| 9 (RLIN) |
175847 |
| Término de materia o nombre geográfico como elemento de entrada |
Cuentos |
| 852 ## - LOCALIZACIÓN |
| Ubicación |
ES-MaACL |
| Sublocalización o colección |
R.31038 |
| -- |
R.M.4918 |
| Ubicación en estantería |
Sala Valle Inclán |
| Número de control de estantería |
D-5303 |
| Designación de la unidad física |
1 |
| Nota libre |
Revisado y localizado enero 2024 |
| itemnumber |
201113 |
| 852 ## - LOCALIZACIÓN |
| Ubicación |
ES-MaACL |
| Sublocalización o colección |
R.M.4919 |
| Ubicación en estantería |
Sala Valle Inclán |
| Número de control de estantería |
D-5304 |
| Designación de la unidad física |
2 |
| itemnumber |
201114 |
| Nota libre |
Revisado y localizado enero 2024 |
| 852 ## - LOCALIZACIÓN |
| Ubicación |
ES-MaACL |
| Sublocalización o colección |
R.M.4920 |
| Ubicación en estantería |
Sala Valle Inclán |
| Número de control de estantería |
D-5305 |
| Designación de la unidad física |
3 |
| itemnumber |
201115 |
| Nota libre |
Revisado y localizado enero 2024 |
| 852 ## - LOCALIZACIÓN |
| Ubicación |
ES-MaACL |
| Sublocalización o colección |
R.M.4921 |
| Ubicación en estantería |
Sala Valle Inclán |
| Número de control de estantería |
D-5306 |
| Designación de la unidad física |
4 |
| itemnumber |
201116 |
| Nota libre |
Revisado y localizado enero 2024 |
| 852 ## - LOCALIZACIÓN |
| Ubicación |
ES-MaACL |
| Sublocalización o colección |
R.M.4922 |
| Ubicación en estantería |
Sala Valle Inclán |
| Número de control de estantería |
D-5307 |
| Designación de la unidad física |
5 |
| itemnumber |
201117 |
| Nota libre |
Revisado y localizado enero 2024 |
| 852 ## - LOCALIZACIÓN |
| Ubicación |
ES-MaACL |
| Sublocalización o colección |
R.M.4923 |
| -- |
R.31038 |
| Ubicación en estantería |
Sala Valle Inclán |
| Número de control de estantería |
D-5308 |
| Designación de la unidad física |
6 |
| itemnumber |
201118 |
| Nota libre |
Revisado y localizado enero 2024 |
| 852 ## - LOCALIZACIÓN |
| Ubicación |
ES-MaACL |
| Sublocalización o colección |
R.M.4924 |
| -- |
R.31038 |
| Ubicación en estantería |
Sala Valle Inclán |
| Número de control de estantería |
D-5309 |
| Designación de la unidad física |
7 |
| itemnumber |
201119 |
| Nota libre |
Revisado y localizado enero 2024 |
| 852 ## - LOCALIZACIÓN |
| Ubicación |
ES-MaACL |
| Sublocalización o colección |
R.M.4925 |
| -- |
R.38775 |
| Ubicación en estantería |
Sala Valle Inclán |
| Número de control de estantería |
D-5310 |
| Designación de la unidad física |
8 |
| itemnumber |
201120 |
| Nota libre |
Revisado y localizado enero 2024 |
| 942 ## - ELEMENTOS DE ENTRADA SECUNDARIOS (KOHA) |
| Suprimir en OPAC |
No |
| Tipo de ítem Koha |
Libro impreso |